[Event "Leiden SB-ch"]
[Site "Leiden"]
[Date "2003.06.10"]
[Round "4"]
[White "Nieuwland, Huib"]
[Black "Hofman, Marnix"]
[Result "0-1"]
[WhiteElo "1749"]
[BlackElo "2087"]
[PlyCount "76"]
[EventDate "2003.05.20"]
[EventType "swiss"]
[EventRounds "7"]
[EventCountry "NED"]
[SourceTitle "CBM 095 Extra"]
[Source "ChessBase"]
[SourceDate "2003.09.04"]
[SourceVersion "1"]
[SourceVersionDate "2003.09.04"]
[SourceQuality "1"]

1. e4 e6 2. d4 d5 3. Nd2 Nf6 4. e5 Nfd7 5. Bd3 c5 6. c3 Nc6 7. Ne2 cxd4 8. cxd4 f6 9. exf6 Nxf6 10. Nf3 Bd6 11. Bf4 Qa5+ 12. Bd2 Qb6 13. Bc3 0-0 14. 0-0 Bd7 15. Ne5 Rac8 16. Rc1 Nb4 17. Nxd7 Nxd7 18. Bb1 Nc6 19. Qd3 Nf6 20. Qh3 Rce8 21. Rcd1 g6 22. Kh1 Nh5 23. f4 Qc7 24. g3 Ng7 25. Ng1 Nf5 26. Rfe1 b5 27. a3 a5 28. Nf3 b4 29. axb4 axb4 30. Bxf5 exf5 31. Rxe8 Rxe8 32. Re1 Re4 33. Bd2 Qg7 34. Qf1 Nxd4 35. Qd3 Nxf3 36. Qxf3 Qxb2 37. Rd1 Bf8 38. Qd3 Qd4 0-1

[Event "Leiden SB-ch"]
[Site "Leiden"]
[Date "2002.06.18"]
[Round "5"]
[White "Nieuwland, Huib"]
[Black "De Waard, Ad"]
[Result "0-1"]
[WhiteElo "1773"]
[BlackElo "1331"]
[PlyCount "76"]
[EventDate "2002.05.21"]
[EventType "swiss"]
[EventRounds "7"]
[EventCountry "NED"]
[SourceTitle "EXT 2003"]
[Source "ChessBase"]
[SourceDate "2002.11.25"]
[SourceVersion "1"]
[SourceVersionDate "2002.11.25"]
[SourceQuality "1"]

1. d4 Nf6 2. c4 g6 3. Nd2 d5 4. f3 Bg7 5. e4 dxe4 6. Nxe4 Nxe4 7. fxe4 Qxd4 8. Qd3 0-0 9. Nf3 Qxd3 10. Bxd3 Rd8 11. Bc2 Nc6 12. 0-0 Be6 13. Bb3 Nd4 14. Bg5 Nxf3+ 15. Rxf3 Bd4+ 16. Kh1 f6 17. Bc1 c5 18. Rb1 a5 19. a4 Rd6 20. Bf4 Rb6 21. Re1 Bxb2 22. e5 f5 23. h4 h5 24. Rg3 Kf7 25. Rd1 Rb4 26. Rb1 Bd4 27. Ba2 Rxb1+ 28. Bxb1 Bxc4 29. Bd3 Bxd3 30. Rxd3 e6 31. Rb3 Rb8 32. Bd2 c4 33. Rb5 c3 34. Bf4 b6 35. Rb1 Rc8 36. Rd1 Rc4 37. Ra1 c2 38. Rc1 Bb2 0-1